Monitor of engagement with the natural environment (Record no. 112449)

MARC details
000 -LEADER
fixed length control field 01327cad a22002175a 4500
001 - CONTROL NUMBER
control field L153292
008 - FIXED-LENGTH DATA ELEMENTS--GENERAL INFORMATION
fixed length control field 120619s2011 xxk f 000 0 eng d
035 ## - SYSTEM CONTROL NUMBER
System control number (Sirsi) u153292
041 0# - LANGUAGE CODE
Language code of text/sound track or separate title eng
110 2# - MAIN ENTRY--CORPORATE NAME
Corporate name or jurisdiction name as entry element Natural England
9 (RLIN) 5071
245 00 - TITLE STATEMENT
Title Monitor of engagement with the natural environment
Remainder of title the national survey on people and the natural environment
Medium [electronic resource]
260 ## - PUBLICATION, DISTRIBUTION, ETC.
Place of publication, distribution, etc. [S.l.]
Name of publisher, distributor, etc. Natural England
Date of publication, distribution, etc. 2011
490 #0 - SERIES STATEMENT
Series statement Natural England Report
Volume/sequential designation (NECR083) 30 June 2011
520 ## - SUMMARY, ETC.
Summary, etc. Data of how people use the natural environment in England. This is the second year of the report which presents the headline findings for the fieldwork from March 2010 to February 2011. This aims to understand how people use, enjoy and are motivated to protect the natural environment and provides data that monitors changes in use of the environment over time and for key groups of the population.
590 ## - LOCAL NOTE (RLIN)
Local note KA NTK
651 #4 - SUBJECT ADDED ENTRY--GEOGRAPHIC NAME
Geographic name England
Chronological subdivision 886-
690 ## - LOCAL SUBJECT ADDED ENTRY--TOPICAL TERM (OCLC, RLIN)
Topical term or geographic name as entry element ENVIRONMENTAL AND LAND CONSULTANCY-ENVIRONMENTAL MANAGEMENT
856 40 - ELECTRONIC LOCATION AND ACCESS
Uniform Resource Identifier <a href="https://publications.naturalengland.org.uk/publication/45011?category=47018">https://publications.naturalengland.org.uk/publication/45011?category=47018</a>
Public note View the report at publications.naturalengland.org.uk
856 40 - ELECTRONIC LOCATION AND ACCESS
Uniform Resource Identifier <a href="https://www.naturalengland.org.uk/ourwork/research/mene.aspx">https://www.naturalengland.org.uk/ourwork/research/mene.aspx</a>
Public note View the MENE homepage at publications.naturalengland.org.uk
942 ## - ADDED ENTRY ELEMENTS (KOHA)
Suppress in OPAC 0
Holdings
Withdrawn status Lost status Source of classification or shelving scheme Damaged status Not for loan Home library Current library Shelving location Date acquired Total Checkouts Full call number Barcode Date last seen Copy number Price effective from Koha item type
    Dewey Decimal Classification     Virtual Virtual Online 06/07/2011   ONLINE PUBLICATION 153292-2001 06/08/2019 1 06/08/2019 Book